000 00537cam a22001811a 4500
082 _a684.08
_bGLE
_cL-32, P-56
100 1 _aGlenister, S. H.
_944994
245 1 0 _aContemporary design in woodwork /
_cS.H. Glenister.
260 _aLondon :
_bJohn Murray,
_c1955
300 _a96 p. :
_bill. ;
_c26 cm.
500 _aMurray file copy no. 686.
526 _a0
_b0
_c0
_d684_080000000000000_GLE
650 0 _aFurniture design.
_944995
650 0 _aFurniture.
_933409
650 0 _aMCE
_9379
650 0 _aWoodwork.
_941973
942 _2ddc
_cBK
999 _c548618
_d548618